Evolution of interstellar matter and dynamics of galaxies (Record no. 10578)

MARC details
000 -LEADER
fixed length control field 01068nam a2200241Ia 4500
003 - CONTROL NUMBER IDENTIFIER
control field IN-BaIIA
008 - FIXED-LENGTH DATA ELEMENTS--GENERAL INFORMATION
fixed length control field 211028s9999 xx 000 0 eng d
020 ## - INTERNATIONAL STANDARD BOOK NUMBER
International Standard Book Number 0-521-41984-0
040 ## - CATALOGING SOURCE
Transcribing agency IIA Library
080 ## - UNIVERSAL DECIMAL CLASSIFICATION NUMBER
Universal Decimal Classification number 524.5(063)
Item number EVO
111 ## - MAIN ENTRY--MEETING NAME
Meeting name or jurisdiction name as entry element International Conference on Evolution of Interstellar Matter and Dynamics of Galaxies
Location of meeting Czech Republic
Date of meeting or treaty signing 1991 May 21-25
9 (RLIN) 18040
245 #0 - TITLE STATEMENT
Title Evolution of interstellar matter and dynamics of galaxies
Remainder of title proceedings of the International conference Prague, Czech Republic, 21-25 May 1991
Statement of responsibility, etc. edited by Jan Palous, W. Butler Burton and Per Olof Lindblad
260 ## - PUBLICATION, DISTRIBUTION, ETC.
Place of publication, distribution, etc. Cambridge
Name of publisher, distributor, etc. Cambridge University Press
Date of publication, distribution, etc. 1992
300 ## - PHYSICAL DESCRIPTION
Extent xviii, 420p.
490 ## - SERIES STATEMENT
Series statement Center for theoretical study, workshop; no. 1
650 ## - SUBJECT ADDED ENTRY--TOPICAL TERM
Topical term or geographic name entry element Astronomy and astrophysics thesaurus
650 ## - SUBJECT ADDED ENTRY--TOPICAL TERM
Topical term or geographic name entry element Galactic dynamics
9 (RLIN) 1517
650 ## - SUBJECT ADDED ENTRY--TOPICAL TERM
Topical term or geographic name entry element Interstellar matter
9 (RLIN) 1189
700 ## - ADDED ENTRY--PERSONAL NAME
Personal name Burton, W. Butler, ed.
9 (RLIN) 18041
700 ## - ADDED ENTRY--PERSONAL NAME
Personal name Lindblad, Per Olof., ed.
9 (RLIN) 18042
700 ## - ADDED ENTRY--PERSONAL NAME
Personal name Palous, Jan, ed.
9 (RLIN) 18043
942 ## - ADDED ENTRY ELEMENTS (KOHA)
Koha item type Books
Holdings
Withdrawn status Lost status Damaged status Not for loan Home library Current library Shelving location Date acquired Cost, normal purchase price Total Checkouts Full call number Barcode Date last seen Cost, replacement price Price effective from Koha item type Purchase Price
        IIA Library-Bangalore IIA Library-Bangalore General Stacks 02/02/1993 2331.00   524.5(063)/ EVO 11489 05/11/2021 2331.00 02/02/1993 Books Rs. 2331.00

Powered by Koha